000 00360 a2200133 4500
999 _c325434
_d325434
001 90361
003 NUST
082 _a355.4 ASH
100 _aAshfaq Hussain Col (R)
_99149
245 _aGentleman Astagh Firullah
_cCol (R) Ashfaq Hussain
_hUrdu
260 _aLahore
_bIdara matboaat-e-sulemani
_c2013
300 _a224p.
500 _aGeneral Books
942 _aNUST-CAE
_cBK
_k355.4 ASH
_2ddc